A second manual of health and physical education. (Record no. 21646)

MARC details
000 -LEADER
fixed length control field 01065cam a22002771 4500
001 - CONTROL NUMBER
control field e 39000099
003 - CONTROL NUMBER IDENTIFIER
control field DLC
005 - DATE AND TIME OF LATEST TRANSACTION
control field 20260227111228.0
008 - FIXED-LENGTH DATA ELEMENTS--GENERAL INFORMATION
fixed length control field 790727s1938 lauak s000 0 eng c
010 ## - LIBRARY OF CONGRESS CONTROL NUMBER
LC control number e 39000099
035 ## - SYSTEM CONTROL NUMBER
System control number (OCoLC)5217554
040 ## - CATALOGING SOURCE
Original cataloging agency U.S. Off. of educ. Library
Transcribing agency LU
Modifying agency LU
-- DLC
042 ## - AUTHENTICATION CODE
Authentication code premarc
043 ## - GEOGRAPHIC AREA CODE
Geographic area code n-us-la
050 00 - LIBRARY OF CONGRESS CALL NUMBER
Classification number L154
Item number .B32 no. 373
110 1# - MAIN ENTRY--CORPORATE NAME
Corporate name or jurisdiction name as entry element Louisiana.
Subordinate unit Department of Education.
245 12 - TITLE STATEMENT
Title A second manual of health and physical education.
Statement of responsibility, etc. Prepared under the direction of Jess W. Hair, state supervisor. Issued by T.H. Harris, state superintendent of education.
260 ## - PUBLICATION, DISTRIBUTION, ETC.
Place of publication, distribution, etc. [New Orleans, La.,
Name of publisher, distributor, etc. Thos. J. Moran's sons,
Date of publication, distribution, etc. 1938]
300 ## - PHYSICAL DESCRIPTION
Extent x, 306 p. incl. illus., diagrs., forms.
Dimensions 23 cm.
490 0# - SERIES STATEMENT
Series statement Bulletin,
Volume/sequential designation no. 373
500 ## - GENERAL NOTE
General note At head of title: State Department of education of Louisiana.
504 ## - BIBLIOGRAPHY, ETC. NOTE
Bibliography, etc. note "Bibliographies": p. 249-282.
650 #0 - SUBJECT ADDED ENTRY--TOPICAL TERM
Topical term or geographic name entry element Physical education and training
Geographic subdivision Louisiana.
650 #0 - SUBJECT ADDED ENTRY--TOPICAL TERM
Topical term or geographic name entry element Education
Geographic subdivision Louisiana
General subdivision Curricula.
700 1# - ADDED ENTRY--PERSONAL NAME
Personal name Hair, Jess William,
Dates associated with a name 1899-1945.

No items available.

Powered by Koha